| 000 | 00730nam a2200229 a 4500 | ||
|---|---|---|---|
| 001 | 56076 | ||
| 003 | BD-RjUL | ||
| 005 | 20211209080341.0 | ||
| 008 | 161126s1944 gw ||||| |||| 00| 0 eng d | ||
| 035 | _a(BD-RjUL)56200 | ||
| 040 |
_dBD-RjUL _aBD-RjUL _beng _cBD-RjUL |
||
| 041 | _aeng | ||
| 082 |
_223 _a492 _bVAT 1944 |
||
| 100 | 1 |
_a Vaux, Baron Carra de. _d. _9166948 |
|
| 245 | 1 | 0 |
_aTableau des racines sémitiques (arabe-hébreu) : _baccompagnées de comparaisons / _cpar le Baron Carra de Vaux. |
| 250 | _a2e éd. | ||
| 260 |
_aParis : _bG.P. Maisonneuve, _c1944. |
||
| 300 |
_a121 p. ; _c19 cm. |
||
| 650 | 0 |
_aSemitic languages _xEtymology. _9166949 |
|
| 650 | 0 |
_aIndo-European languages _xEtymology. _9166950 |
|
| 942 |
_2ddc _cBK |
||
| 999 |
_c56076 _d56076 |
||